000 00458cam a2200181ua 4500
020 _c20.00
041 _aeng
_h
082 _a320.5
_bRUS/FR
100 _aRussell, Bertrand .
245 _aFreedom and organization 1814-1914 /
_cBertrand Russell.
_hTextual Documents
250 _a1 /
_b.
260 _aLondon :
_bGeorge Allen & Unwin Ltd ,
_c1952.
300 _a527 ; .
365 _a20.00
504 _a
942 _cBK
999 _c1709
_d1709